000 00480nam a2200181Ia 4500
001 16975
005 20260306170350.0
008 260306t2023||||xx |||||||||||||| ||und||
041 _aESP
082 _a657.4
_bA41
100 _aAlfaro Linares, Jacinto,
_eAUT
245 0 _aSaneamiento contable :
_bdesarrollo con la normativa vigente y casos prácticos
260 _c2023
300 _a623 páginas :
_c25 cm.
650 _aGEN
654 _aCCO
942 _cLIB
_dJUS
_fJUS
_2ddc
_n
999 _c16975
_d16975